00552nam a2200121Ia 4500008004100000082002400041100002100065245009700086260004700183365000600230630009700236730009700333100415s9999 xx 000 0 und d b15503a584.9(54558) aSingh Bakhshish aManagement of Bamboo Forest Under Jiont Participatory Forest Mangement in Haryana Shivaliks aNEW DELHIc1993bHARYANA FOREST DEPARTMENT b0 aManagement of Bamboo Forest Under Jiont Participatory Forest Mangement in Haryana Shivaliks aManagement of Bamboo Forest Under Jiont Participatory Forest Mangement in Haryana Shivaliks